Regrets only (Бичлэгийн дугаар. 145426)
| 000 -УДИРДЛАГА | |
|---|---|
| Удирдлага | 00716nam a22002537a 4500 |
| 003 - ХЯНАЛТЫН ТОО ТОДОРХОЙЛОГЧ | |
| Код | MN-UlNUM |
| 005 - БИЧИЛТ ХИЙСЭН ОГНОО | |
| Тухайн бичилтийг бичсэн засварласан сүүлийн огноо | 20251107135852.0 |
| 008 - ЕРӨНХИЙ МЭДЭЭЛЭЛ | |
| Ерөнхий мэдээлэл | 251107s2004 nyu||||| |||| 001 0 eng d |
| 020 ## - ISBN | |
| ISBN | 0446532177 |
| 040 ## - БИЧЛЭГ ҮҮСГЭГЧ БАЙГУУЛЛАГА | |
| Бичлэг үүсгэгч номын сангийн код | МУИС-ийн номын сан |
| 084 ## - ББК АНГИЛАЛ | |
| Нэмэлт тусгалт | Уран зохиол |
| ББК ангилал | 84(7) |
| Зохиогчийн гурван тэмдэгт | G 30 |
| Мэдлэгийн ялгаа | 84 - Уран зохиол |
| 100 1# - ЗОХИОГЧ | |
| Зохиогчийн нэр | Geary, Nancy. |
| 245 10 - ҮНДСЭН ГАРЧИГ | |
| Номын нэр | Regrets only |
| Оролцогчдын тухай мэдээ | Nancy Geary. |
| 260 ## - ГАРАЛТЫН МЭДЭЭ | |
| Хэвлэгдсэн газар | New York : |
| Хэвлэлийн газар | Warner Books, |
| Хэвлэгдсэн он | 2004. |
| 300 ## - МАТЕРИАЛЫН ТОДОРХОЙЛОЛТ | |
| хуудасны тоо | 323 p. ; |
| Хэмжээ | 24 cm. |
| 500 ## - Тайлбар | |
| Дансны дугаар | БС 2008 |
| 546 ## - ХЭЛНИЙ ТУХАЙ МЭДЭЭ | |
| Хэл | Англи хэл дээр, |
| 653 ## - Түлхүүр үг | |
| Түлхүүр үг | police $z Pennsylvania $z Philadelphia $v Fiction. |
| 653 ## - Түлхүүр үг | |
| Түлхүүр үг | rich people $x Crimes against $v Fiction. |
| 653 ## - Түлхүүр үг | |
| Түлхүүр үг | irish American women $v Fiction. |
| 653 ## - Түлхүүр үг | |
| Түлхүүр үг | policewomen $v Fiction. |
| 942 ## - ЭЛЕМЕНТИЙН ТӨРӨЛ | |
| Зүйлийн төрөл | Ном |
